<?xml version="1.0" encoding="UTF-8"?><marc:collection xmlns:marc="http://www.loc.gov/MARC21/slim">
  <marc:record>
    <marc:leader>01926cam a22004572c 4500</marc:leader>
    <marc:controlfield tag="001">010856315</marc:controlfield>
    <marc:controlfield tag="003">DE-627</marc:controlfield>
    <marc:controlfield tag="005">20250703172151.0</marc:controlfield>
    <marc:controlfield tag="007">tu</marc:controlfield>
    <marc:controlfield tag="008">710101s1978    sz |||||      00| ||ger c</marc:controlfield>
    <marc:datafield tag="020" ind1=" " ind2=" ">
      <marc:subfield code="a">2827101432</marc:subfield>
      <marc:subfield code="9">2-8271-0143-2</marc:subfield>
    </marc:datafield>
    <marc:datafield tag="035" ind1=" " ind2=" ">
      <marc:subfield code="a">(DE-627)010856315</marc:subfield>
    </marc:datafield>
    <marc:datafield tag="035" ind1=" " ind2=" ">
      <marc:subfield code="a">(DE-599)GBV010856315</marc:subfield>
    </marc:datafield>
    <marc:datafield tag="040" ind1=" " ind2=" ">
      <marc:subfield code="a">DE-627</marc:subfield>
      <marc:subfield code="b">ger</marc:subfield>
      <marc:subfield code="c">DE-627</marc:subfield>
      <marc:subfield code="e">rakwb</marc:subfield>
    </marc:datafield>
    <marc:datafield tag="041" ind1=" " ind2=" ">
      <marc:subfield code="a">ger</marc:subfield>
    </marc:datafield>
    <marc:datafield tag="044" ind1=" " ind2=" ">
      <marc:subfield code="c">XA-CH</marc:subfield>
    </marc:datafield>
    <marc:datafield tag="050" ind1=" " ind2="0">
      <marc:subfield code="a">BR65.A682</marc:subfield>
    </marc:datafield>
    <marc:datafield tag="082" ind1="0" ind2=" ">
      <marc:subfield code="a">230/.14/0924</marc:subfield>
      <marc:subfield code="q">LOC</marc:subfield>
    </marc:datafield>
    <marc:datafield tag="100" ind1="1" ind2=" ">
      <marc:subfield code="a">Coyle, John Kevin</marc:subfield>
      <marc:subfield code="d">1943-2010</marc:subfield>
      <marc:subfield code="0">(DE-588)1044623934</marc:subfield>
      <marc:subfield code="0">(DE-627)772257922</marc:subfield>
      <marc:subfield code="0">(DE-576)160635365</marc:subfield>
      <marc:subfield code="4">aut</marc:subfield>
    </marc:datafield>
    <marc:datafield tag="245" ind1="1" ind2="0">
      <marc:subfield code="a">Augustine's "De moribus ecclesiae catholicae"</marc:subfield>
      <marc:subfield code="b">a study of the work , its composition and its sources</marc:subfield>
      <marc:subfield code="c">John Kevin Coyle</marc:subfield>
    </marc:datafield>
    <marc:datafield tag="246" ind1="1" ind2=" ">
      <marc:subfield code="i">Nebent.</marc:subfield>
      <marc:subfield code="a">Augustinus Aurelius</marc:subfield>
    </marc:datafield>
    <marc:datafield tag="246" ind1="3" ind2="3">
      <marc:subfield code="a">Augustinus Aurelius : "De moribus ecclesiae catholicae"</marc:subfield>
    </marc:datafield>
    <marc:datafield tag="264" ind1=" " ind2="1">
      <marc:subfield code="a">Fribourg</marc:subfield>
      <marc:subfield code="c">1978</marc:subfield>
    </marc:datafield>
    <marc:datafield tag="300" ind1=" " ind2=" ">
      <marc:subfield code="a">466 S</marc:subfield>
    </marc:datafield>
    <marc:datafield tag="336" ind1=" " ind2=" ">
      <marc:subfield code="a">Text</marc:subfield>
      <marc:subfield code="b">txt</marc:subfield>
      <marc:subfield code="2">rdacontent</marc:subfield>
    </marc:datafield>
    <marc:datafield tag="337" ind1=" " ind2=" ">
      <marc:subfield code="a">ohne Hilfsmittel zu benutzen</marc:subfield>
      <marc:subfield code="b">n</marc:subfield>
      <marc:subfield code="2">rdamedia</marc:subfield>
    </marc:datafield>
    <marc:datafield tag="338" ind1=" " ind2=" ">
      <marc:subfield code="a">Band</marc:subfield>
      <marc:subfield code="b">nc</marc:subfield>
      <marc:subfield code="2">rdacarrier</marc:subfield>
    </marc:datafield>
    <marc:datafield tag="490" ind1="1" ind2=" ">
      <marc:subfield code="a">Paradosis</marc:subfield>
      <marc:subfield code="v">25</marc:subfield>
    </marc:datafield>
    <marc:datafield tag="583" ind1="1" ind2=" ">
      <marc:subfield code="a">Archivierung prüfen</marc:subfield>
      <marc:subfield code="c">20240324</marc:subfield>
      <marc:subfield code="f">DE-4165</marc:subfield>
      <marc:subfield code="z">1</marc:subfield>
      <marc:subfield code="2">pdager</marc:subfield>
    </marc:datafield>
    <marc:datafield tag="600" ind1="1" ind2="0">
      <marc:subfield code="a">Augustine</marc:subfield>
      <marc:subfield code="c">of Hippo, Saint</marc:subfield>
      <marc:subfield code="d">354-430</marc:subfield>
      <marc:subfield code="t">De moribus ecclesiae Catholicae et de moribus Manichaeorum</marc:subfield>
    </marc:datafield>
    <marc:datafield tag="650" ind1=" " ind2="0">
      <marc:subfield code="a">Manichaeism</marc:subfield>
    </marc:datafield>
    <marc:datafield tag="689" ind1="0" ind2="0">
      <marc:subfield code="D">u</marc:subfield>
      <marc:subfield code="0">(DE-588)4349988-0</marc:subfield>
      <marc:subfield code="0">(DE-627)164052259</marc:subfield>
      <marc:subfield code="0">(DE-576)211509779</marc:subfield>
      <marc:subfield code="a">Augustinus, Aurelius</marc:subfield>
      <marc:subfield code="c">Heiliger</marc:subfield>
      <marc:subfield code="d">354-430</marc:subfield>
      <marc:subfield code="t">De moribus contra Manichaeos conscripti</marc:subfield>
      <marc:subfield code="p">De moribus ecclesiae catholicae</marc:subfield>
      <marc:subfield code="2">gnd</marc:subfield>
    </marc:datafield>
    <marc:datafield tag="689" ind1="0" ind2=" ">
      <marc:subfield code="5">(DE-627)</marc:subfield>
    </marc:datafield>
    <marc:datafield tag="830" ind1=" " ind2="0">
      <marc:subfield code="a">Paradosis</marc:subfield>
      <marc:subfield code="v">25</marc:subfield>
      <marc:subfield code="9">25</marc:subfield>
      <marc:subfield code="w">(DE-627)130183466</marc:subfield>
      <marc:subfield code="w">(DE-576)003830306</marc:subfield>
      <marc:subfield code="w">(DE-600)527177-0</marc:subfield>
      <marc:subfield code="x">1422-4402</marc:subfield>
      <marc:subfield code="7">am</marc:subfield>
    </marc:datafield>
    <marc:datafield tag="924" ind1="0" ind2=" ">
      <marc:subfield code="a">086020846</marc:subfield>
      <marc:subfield code="b">DE-18</marc:subfield>
      <marc:subfield code="9">18</marc:subfield>
      <marc:subfield code="c">GBV</marc:subfield>
      <marc:subfield code="d">c</marc:subfield>
      <marc:subfield code="g">A 1980/9055</marc:subfield>
      <marc:subfield code="h">SUB</marc:subfield>
    </marc:datafield>
    <marc:datafield tag="924" ind1="0" ind2=" ">
      <marc:subfield code="a">422787469</marc:subfield>
      <marc:subfield code="b">DE-8</marc:subfield>
      <marc:subfield code="9">8</marc:subfield>
      <marc:subfield code="c">GBV</marc:subfield>
      <marc:subfield code="d">c</marc:subfield>
      <marc:subfield code="g">P 1652-25</marc:subfield>
      <marc:subfield code="h">19</marc:subfield>
    </marc:datafield>
    <marc:datafield tag="924" ind1="0" ind2=" ">
      <marc:subfield code="a">010982604</marc:subfield>
      <marc:subfield code="b">DE-7</marc:subfield>
      <marc:subfield code="9">7</marc:subfield>
      <marc:subfield code="c">GBV</marc:subfield>
      <marc:subfield code="d">c</marc:subfield>
      <marc:subfield code="g">8 Z THEOL 196:25</marc:subfield>
    </marc:datafield>
    <marc:datafield tag="924" ind1="0" ind2=" ">
      <marc:subfield code="a">326996680</marc:subfield>
      <marc:subfield code="b">DE-7</marc:subfield>
      <marc:subfield code="9">7</marc:subfield>
      <marc:subfield code="c">GBV</marc:subfield>
      <marc:subfield code="d">d</marc:subfield>
      <marc:subfield code="g">Kl 1 (25)</marc:subfield>
      <marc:subfield code="h">7/042</marc:subfield>
    </marc:datafield>
    <marc:datafield tag="924" ind1="0" ind2=" ">
      <marc:subfield code="a">66522432X</marc:subfield>
      <marc:subfield code="b">DE-H99</marc:subfield>
      <marc:subfield code="9">H 99</marc:subfield>
      <marc:subfield code="c">GBV</marc:subfield>
      <marc:subfield code="d">c</marc:subfield>
      <marc:subfield code="g">82:0375</marc:subfield>
      <marc:subfield code="h">Magazin</marc:subfield>
    </marc:datafield>
    <marc:datafield tag="924" ind1="0" ind2=" ">
      <marc:subfield code="a">3996330057</marc:subfield>
      <marc:subfield code="b">DE-Mue73</marc:subfield>
      <marc:subfield code="9">Mue 73</marc:subfield>
      <marc:subfield code="c">GBV</marc:subfield>
      <marc:subfield code="d">c</marc:subfield>
      <marc:subfield code="g">80:1395</marc:subfield>
      <marc:subfield code="h">DMAG</marc:subfield>
    </marc:datafield>
    <marc:datafield tag="951" ind1=" " ind2=" ">
      <marc:subfield code="a">BO</marc:subfield>
    </marc:datafield>
  </marc:record>
</marc:collection>
